000 01881cam a2200361Ia 4500
001 CAH00CE9608PDF
003 BD-DhSAU
005 20151012144303.0
006 m|||||o||d||||||||
007 cr||||
008 130725s2008 fluad sb 001 0 eng d
020 _a9781584889618 (ebook : PDF)
040 _aBD-DhSAU
_cBD-DhSAU
090 _aHA29
_b.A5824 2008
092 _a519.535
_bA532
245 0 0 _aAnalysis of multivariate social science data
_h[electronic resource] /
_cDavid J. Bartholomew ... [et al.].
250 _a2nd ed.
260 _aBoca Raton :
_bCRC Press,
_c2008.
300 _axi, 371 p. :
_bill.
490 1 _aChapman & Hall/CRC statistics in the social and behavioral sciences series
500 _aRev. ed. of: The analysis and interpretation of multivariate data for social scientists. c2002.
504 _aIncludes bibliographical references (p. [357]-362) and index.
505 0 _a1. Setting the scence -- 2. Cluster analysis -- 3. Multidimensional scaling -- 4. Correspondence analysis -- 5. Principal components analysis -- 6. Regression analysis -- 7. Factor analysis -- 8. Factor analysis for binary data -- 9. Factor analysis for ordered categorical variables -- 10. Latent class analysis for binary data -- 11. Confirmatory factor analysis and structural equation models -- 12. Multilevel modelling.
530 _aAlso available in print edition.
538 _aMode of access: World Wide Web.
650 0 _aSocial sciences
_xStatistical methods.
650 0 _aMultivariate analysis.
655 7 _aElectronic books.
_2lcsh
700 1 _aBartholomew, David J.
776 1 _z9781584889601 (alk. paper)
830 0 _aStatistics in the social and behavioral sciences series.
856 4 0 _uhttp://marc.crcnetbase.com/isbn/9781584889618
_qapplication/PDF
999 _c11505
_d11504